| 000 | 01470cam a2200397 i 4500 | ||
|---|---|---|---|
| 999 |
_c200451120 _d69332 |
||
| 001 | 200451120 | ||
| 003 | TR-AnTOB | ||
| 005 | 20240809103100.0 | ||
| 007 | ta | ||
| 008 | 791129s1978 fr a b i000 0 fre | ||
| 010 | _a 79320040 | ||
| 015 | _aF*** | ||
| 020 | _a9264217215 | ||
| 035 | _a(TR-AnTOB)200451120 | ||
| 040 |
_aDLC _beng _erda _cDLC _dDLC _dTR-AnTOB |
||
| 041 | 0 | _afre | |
| 043 | _ad------ | ||
| 050 | 4 |
_aHC59.7 _b.I46a 1978 |
|
| 090 |
_aHC59.7 _b.I46a 1978 |
||
| 100 | 1 |
_aImboden, N. _eauthor _9132744 |
|
| 245 | 1 | 2 |
_aL'appreciation et l'évaluation de projets de développement : _bune approche en termes de gestion / _cpar N. Imboden. |
| 264 | 1 |
_aParis : _bDevelopment Centre of the Organisation for Economic Co-operation and Development, _c1978. |
|
| 264 | 2 |
_a[Washington, D.C. : _bsold by OECD Publications Center], _c1978. |
|
| 300 |
_a186 pages : _billustrations ; _c24 cm |
||
| 336 |
_atext _btxt _2rdacontent |
||
| 337 |
_aunmediated _bn _2rdamedia |
||
| 338 |
_avolume _bnc _2rdacarrier |
||
| 490 | 0 | _aEtudes du Centre de Developpement. | |
| 650 | 0 |
_aEconomic development projects _xEvaluation _932888 |
|
| 651 | 0 |
_aDeveloping countries _xEconomic policy _91090 |
|
| 710 | 2 |
_aOrganisation for Economic Co-operation and Development. _bDevelopment Centre _953907 |
|
| 775 |
_tA management approach to project appraisal and evaluation _w(TR-AnTOB)200443786 |
||
| 942 |
_2lcc _cBK |
||